000
00356nam a2200133Ia 4500
008
100328s9999 xx 000 0 und d
082
_b
27404
100
_a
वाळिंबे शरदचंद्र
245
_a
कपटजाल
260
_b
उदयदीप
630
_a
कपटजाल
730
_a
कपटजाल
942
_c
BOOK
999
_c
519327
_d
519324